Länder mit geringster Gefährdung durch Naturkatastrophen - Statistiken

Allgemein
  • Dieses Quiz wurde 142 mal gespielt
  • Das Durchschnittsergebnis liegt bei 7 aus 15
Antwortstatistiken
Gefährdungsindex Land % Korrekt
2,06% Finnland
81%
2,19% Schweden
81%
2,29% Norwegen
78%
2,23% Schweiz
74%
2,25% Estland
69%
1,61% Island
65%
2,16% Luxemburg
63%
0,57% Malta
38%
2,20% Israel
36%
1,25% Saudi-Arabien
32%
0,36% Katar
28%
1,90% Ägypten
27%
2,31% Singapur
17%
1,39% Grenada
3%
1,40% Barbados
2%
Keine übereinstimmenden Quizze gefunden
Verteilung der Resultate
Anzahl Personen mit jedem Resultat
Perzentil nach korrekt beantworteten Fragen
Ihre Resultats-Entwicklung
Sie haben dieses Quiz noch nicht gespielt